00648nam a2200169 a 450000500170000000800410001702000180005805000180007624500330009426000530012730000170018065000300019765000120022799900190023995201100025895201100036820140412111246.0001109s19uu xx 00 eng d a81-7490-127-2 aERbFa11 1992 aFamous stories for children. aVikas Marg, Delhi: Dhingra :bPub. House,c1992. a24 p. ; ill. aCollections of literature aStories c102954d102954 00104050aELbELcERd2000-11-09eDonationl0oER Fa11 1992pE3392r2014-04-12 00:00:00w2014-04-12yBK 00104050aELbELcERd2000-11-09eDonationl0oER Fa11 1992pE2240r2014-04-12 00:00:00w2014-04-12yBK